Planning agreements and EC public procurement law (Record no. 72879)
[ view plain ]
| 000 -LEADER | |
|---|---|
| fixed length control field | 02082cam a2200289 4500 |
| 001 - CONTROL NUMBER | |
| control field | ABS66832 |
| 008 - FIXED-LENGTH DATA ELEMENTS--GENERAL INFORMATION | |
| fixed length control field | 111219s2003 000 0 eng u |
| 035 ## - SYSTEM CONTROL NUMBER | |
| System control number | (Sirsi) u122646 |
| 100 ## - MAIN ENTRY--PERSONAL NAME | |
| Personal name | Paradissis, J. |
| 245 ## - TITLE STATEMENT | |
| Title | Planning agreements and EC public procurement law |
| 260 ## - PUBLICATION, DISTRIBUTION, ETC. | |
| Date of publication, distribution, etc. | 2003 |
| 490 ## - SERIES STATEMENT | |
| Series statement | Journal of Planning and Environment Law |
| Volume/sequential designation | June 2003, 666-677(17) |
| 520 ## - SUMMARY, ETC. | |
| Summary, etc. | Examines the recent European Court of Justice decision in "Ordine degli Architetti delle Province di Milano et Lodi and others v Commune di Milano and others" (C-399/98) which may have implications for important UK planning agreements. The case concerned the grant of planning permission for a large redevelopment and the subsequent payment of a fee in accordance with Italian planning law. The key issue was whether the contract agreed between the City of Milan and the developers was a public contract within the meaning of the Public Works Directive and it was held that an agreement to build infrastructure works instead of paying a financial sum for the grant of planning permission was a 'public works contract'. Although there is no statutory obligation to pay impact fees in Britain, the article explains in some detail how the Italian case can be applied to planning obligations under the Town and Country Planning Act 1990 s106, known as planning agreements or planning gain. |
| 590 ## - LOCAL NOTE (RLIN) | |
| Local note | ABS |
| 650 ## - SUBJECT ADDED ENTRY--TOPICAL TERM | |
| Topical term or geographic name entry element | PLANNING OBLIGATIONS |
| 650 ## - SUBJECT ADDED ENTRY--TOPICAL TERM | |
| Topical term or geographic name entry element | TOWN AND COUNTRY PLANNING ACT 1990 S106 |
| 650 ## - SUBJECT ADDED ENTRY--TOPICAL TERM | |
| Topical term or geographic name entry element | ITALY |
| 650 ## - SUBJECT ADDED ENTRY--TOPICAL TERM | |
| Topical term or geographic name entry element | PUBLIC WORKS CONTRACTS |
| 650 ## - SUBJECT ADDED ENTRY--TOPICAL TERM | |
| Topical term or geographic name entry element | EUROPEAN COURT OF JUSTICE |
| 650 ## - SUBJECT ADDED ENTRY--TOPICAL TERM | |
| Topical term or geographic name entry element | PLANNING AGREEMENTS |
| 650 ## - SUBJECT ADDED ENTRY--TOPICAL TERM | |
| Topical term or geographic name entry element | PLANNING GAIN |
| 650 ## - SUBJECT ADDED ENTRY--TOPICAL TERM | |
| Topical term or geographic name entry element | PUBLIC PROCUREMENT |
| 650 ## - SUBJECT ADDED ENTRY--TOPICAL TERM | |
| Topical term or geographic name entry element | ORDINE DEGLI ARCHITETTI DELLE PROVINCE DI MILANO ET LODI AND OTHERS V COMMUNE DI MILANO AND OTHERS |
| 690 ## - LOCAL SUBJECT ADDED ENTRY--TOPICAL TERM (OCLC, RLIN) | |
| Topical term or geographic name as entry element | ENVIRONMENTAL AND LAND CONSULTANCY-PLANNING AND DEVELOPMENT |
| 856 ## - ELECTRONIC LOCATION AND ACCESS | |
| Uniform Resource Identifier | <a href="https://curia.europa.eu/juris/showPdf.jsf?docid=46535&pageIndex=0&doclang=EN&mode=doc&dir=&occ=first&part=1&cid=219466">https://curia.europa.eu/juris/showPdf.jsf?docid=46535&pageIndex=0&doclang=EN&mode=doc&dir=&occ=first&part=1&cid=219466</a> |
| Public note | View the judgment free of charge at http://curia.europa.eu |
| 942 ## - ADDED ENTRY ELEMENTS (KOHA) | |
| Suppress in OPAC | 0 |
| Withdrawn status | Lost status | Source of classification or shelving scheme | Damaged status | Not for loan | Home library | Current library | Shelving location | Date acquired | Total Checkouts | Full call number | Barcode | Date last seen | Copy number | Price effective from | Koha item type |
|---|---|---|---|---|---|---|---|---|---|---|---|---|---|---|---|
| Dewey Decimal Classification | London | London | Journal article | 18/06/2003 | ABS66832 | 122646-1001 | 06/08/2019 | 1 | 06/08/2019 | Journal article |